000 00345nam a22001337a 4500
008 170925b xxu||||| |||| 00| 0 eng d
020 _a9780787998189
041 _aeng
080 _a37
100 _a46
101 _aEDU
245 _aPRESIDENTS AND TRUSTEES IN PARTNERSHIP: NEW ROLES AND LEADERSHIP CHALLENGES
_cWEISMAN,I,M
942 _2udc
_cBK
999 _c29603
_d29603